000 01141nam a2200289Ia 4500
003 OSt
005 20220930091602.0
006 a|||||r|||| 00| 0
007 ta
008 220926b |||||||| |||| 00| 0 eng d
024 _a6544
037 _cTheses
040 _aCRL
_cCRL
_beng
041 _2eng
_aeng
100 _aTondon Swati Au.
_9546062
110 _aUniversity of Delhi. Faculty of Medical Sciences. Department of Otorhinolaryngology Head and Neck Surgery
_9546063
245 0 _aStudy of osteomeatal unit in chronic rhinosinusitis correlating findings of multidetector ct images and operative findings in functional endoscopic sinus surgery
260 _c2012
300 _a89
_ap.
_ccm.
650 _aHEAD - DISEASES
_9200017
700 _a Dr. A. Raj Gu.
_9546064
700 _a Dr. Anjali Prakash Gu.
_9540870
700 _a Dr. P. K. Rathore Gu.
_9532901
700 _aUniversity of Delhi. Faculty of Medical Sciences. Department of Otorhinolaryngology Head and Neck Surgery
_9546065
942 _cDIS
_2CC
999 _c882295
_d882295